|
|
|
|
| LEADER |
00000naa2a2200000 4500 |
| 001 |
575840 |
| 005 |
20231102021919.0 |
| 035 |
|
|
|a (RuTPU)RU\TPU\prd\274864
|
| 035 |
|
|
|a RU\TPU\tpu\6962
|
| 090 |
|
|
|a 575840
|
| 100 |
|
|
|a 20180126d1965 k y0rusy50 ca
|
| 101 |
0 |
|
|a rus
|
| 102 |
|
|
|a RU
|
| 200 |
1 |
|
|a Работа деформации при осадке прямоугольных призм между параллельными плитами
|f Л. М. Седоков
|
| 461 |
|
|
|0 (RuTPU)RU\TPU\prd\194
|x 0363-079X
|t Известия вузов. Черная металлургия
|d 1958-1996
|
| 463 |
|
|
|0 (RuTPU)RU\TPU\prd\111175
|t № 6
|v С. 82-88
|d 1965
|
| 610 |
1 |
|
|a машиностроение
|
| 610 |
1 |
|
|a металлы
|
| 610 |
1 |
|
|a деформация
|
| 610 |
1 |
|
|a обработка резанием
|
| 610 |
1 |
|
|a труды учёных ТПУ
|
| 700 |
|
1 |
|a Седоков
|b Л. М.
|c доктор технических наук
|c ведущий учёный в области резания металлов
|f 1918-1998
|g Лев Михайлович
|2 stltpush
|3 (RuTPU)RU\TPU\pers\25100
|9 11205
|
| 801 |
|
0 |
|a RU
|b 63413507
|c 20011210
|g PSBO
|
| 801 |
|
2 |
|a RU
|b 63413507
|c 20180126
|g PSBO
|
| 942 |
|
|
|c BK
|